00825cam a2200229 a 450000100100000000500170001000800410002702000150006804000250008308200150010810000370012324500630016026000580022330000320028150000260031350000220033950400320036165000350039391000340042895201180046299900150058000000235920200929150204.0750214s1974 caua b 001 0 eng  a0804708738 aDO-SdBNPbspacBNPHU ann.bS642a1 aSmith, Robert John,d1963-9749310aAncestor worship in contemporary Japan /cRobert J. Smith. aStanford, Calif. :bStanford University Press,c1974. aix, 266 p. :bil. ;c24 cm. aErrata slip inserted. aIncluye índice. aBibliografía: p. 247-258. 0aAncestor worshipzJapan.97494 aCatalogación por copia / LC 001052708MOaGRbGRcCTd2009-07-09iLF1l0onn. S642ap2359-10r2020-06-25w2020-06-25y2ZPréstamo interno c2201d2201